00651cam a22002291a 450000100060000000300080000600500170001400800410003103500190007203500200009104000330011104100080014408200290015210000290018124500470021025000120025726000440026930000290031350000200034260000300036260000290039224116BD-RjUL20211209001018.0140312s1953 nyua 001 0beng  a(BD-RjUL)24182 a(OCoLC)13831047 aDLCcTxAmdDLCdBD-RjULbeng aeng04222a941.081092bEWS 19531 aEwen, David,d1907-1985.14aThe story of Jerome Kern /cby David Ewen. a1st ed. aNew York :bHenry Holt and Co.,cc1953. a148 p. :bill. ;c21 cm. aIncludes index.10aKern, Jerome,d1885-1945.10aKern, Jerome,d1885-1945